000 00543nam a2200145Ia 4500
008 100122s9999 xx 000 0 und d
082 _b55382
_a920.054
100 _aटिळक ज श्री
245 _aव्यक्ती तितक्या प्रकृती
260 _bटिळकबंधू प्रकाशन
_c1998
300 _a168
630 _aव्यक्ती तितक्या प्रकृती
730 _aव्यक्ती तितक्या प्रकृती
942 _cBOOK
999 _c432024
_d432021